| 000 | 01002nam a22002537a 4500 | ||
|---|---|---|---|
| 008 | 131129b xxu||||| |||| 00| 0 alb d | ||
| 020 | _a9789951882170 | ||
| 041 | 1 | 0 |
_aalb _aeng _ascc |
| 080 |
_a347.2 _x(496.51) |
||
| 245 | 0 | 0 | _a Compilation of the property legislation in Kosovo II. = Përmbledhje e ligjeve mbi pronën në Kosovë II = Zbirka imovinskih zakona Kosova II / |c compiled by Kosovo Law Centre. |
| 246 | _aPërmbledhje e ligjeve mbi pronën në Kosovë II. | ||
| 246 | _aZbirka imovinskih zakona Kosova II. | ||
| 260 |
_aPrishtinë, : _bKosovo Law Centre=Qendra Juridike e Kosovës=Pravni Centar Kosovo ; _c2011. |
||
| 300 |
_a1120 f. ; _c30 cm. |
||
| 490 | _aLex Legis | ||
| 500 | _aTeksti paralel në gjuhën angleze, shqipe dhe serbe. | ||
| 500 | _aIntroduction : f. XI | ||
| 500 | _aParathënie : f. XII | ||
| 500 | _aPredgovor : f. XIII | ||
| 650 |
_aE drejta e pronës _z Kosovë |
||
| 650 |
_aProna _z Kosovë |
||
| 650 |
_aTë drejtat civile _zKosovë |
||
| 942 |
_2udc _cBK |
||
| 999 |
_c374 _d374 |
||